00485nam a2200133Ia 4500008004100000245006500041260006200106260001300168300000800181650001500189856005500204999001900259952007300278170221s9999 xx 000 0 und d 4aThe Effect of “ El Buen Fin ” in Mexican Hotel Occupancy bInternational Journal of Management and Marketing Reseach cMay 2012 a1:1 xMarketing. uhttp://www.theibfr.com/ARCHIVE/IJMMR-V9N2-2016.pdf c310422d310422 001040aCLbCLd2017-02-21l0r2017-02-21 00:00:00w2017-02-21yFOJ